书目信息 |
| 题名: |
中学数学课件制作实例与技巧
|
|
| 作者: | 潘天士 主编 ;张玮 编著 | |
| 分册: | ||
| 出版信息: | 北京 机械工业出版社 2004 |
|
| 页数: | 10,372页 | |
| 开本: | 26cm | |
| 丛书名: | 信息技术与学科教学整合系列丛书 | |
| 单 册: | ||
| 中图分类: | G633.603 | |
| 科图分类: | ||
| 主题词: | 数学--多媒体--计算机辅助教学--软件工具--中学 | |
| 电子资源: | ||
| ISBN: | 7-111-14961-0 | |
| 000 | 00940oam2 2200253 45 | |
| 001 | 002766994 | |
| 005 | 20050530113516.7 | |
| 010 | @a7-111-14961-0@dCNY37.00 | |
| 100 | @a20031124d2004 em y0chiy0110 ea | |
| 101 | 0 | @achi |
| 102 | @aCN@b110000 | |
| 105 | @ay z 000yy | |
| 200 | 1 | @a中学数学课件制作实例与技巧@Azhong xue shu xue ke jian zhi zuo shi li yu ji qiao@f潘天士主编@FPan Tian Shi Zhu Bian@g张玮等编著 |
| 210 | @a北京@c机械工业出版社@d2004 | |
| 215 | @a10,372页@d26cm@e1CD | |
| 225 | 2 | @a信息技术与学科教学整合系列丛书 |
| 330 | @a本书共4章,采用Flash、Powerpoint、FrontPage、VB4种设计工具,详细介绍了20多个数学课堂教学软件实例的制作方法和演示过程。 | |
| 410 | @12001 @a信息技术与学科教学整合系列丛书 | |
| 606 | 0 | @a数学@x多媒体@x计算机辅助教学@x软件工具@x中学 |
| 690 | @aG633.603@v4 | |
| 701 | 0 | @a潘天士@4主编 |
| 702 | 0 | @a张玮@Azhang wei@4编著 |
| 801 | 0 | @aCN@bNLC@c20041220 |
| 905 | @f7@b355072-078@dG633.603@e320 | |
| 中学数学课件制作实例与技巧/潘天士主编/张玮等编著.-北京:机械工业出版社,2004 |
| 10,372页;26cm+1CD.-(信息技术与学科教学整合系列丛书) |
| ISBN 7-111-14961-0:CNY37.00 |
| 本书共4章,采用Flash、Powerpoint、FrontPage、VB4种设计工具,详细介绍了20多个数学课堂教学软件实例的制作方法和演示过程。 |
| ● |
| 相关链接 |
|
|
|
|
正题名:中学数学课件制作实例与技巧
索取号:G633.603/320
 
预约/预借
| 序号 | 登录号 | 条形码 | 馆藏地/架位号 | 状态 | 备注 |
| 1 | 0355072 | 3550721 | 第一样本阅览室/ [索取号:G633.603/320] | 在馆 | |
| 2 | 0355073 | 3550730 | 第四借阅区/ [索取号:G633.603/320] | 在馆 | |
| 3 | 0355074 | 3550749 | 第四借阅区/ [索取号:G633.603/320] | 在馆 | |
| 4 | 0355075 | 3550758 | 第四借阅区/ [索取号:G633.603/320] | 在馆 | |
| 5 | 0355076 | 3550767 | 第四借阅区/ [索取号:G633.603/320] | 在馆 | |
| 6 | 0355077 | 3550776 | 第四借阅区/ [索取号:G633.603/320] | 在馆 | |
| 7 | 0355078 | 3550785 | 第四借阅区/ [索取号:G633.603/320] | 在馆 |
本书有关联资源:
1 .光盘 /ISO :中学数学课件制作实例与技巧 /潘天士
下载